5 Types of JetPunk Quizzes - Statistics

General Stats
  • This quiz has been taken 8 times
  • The average score is 3 of 5
Answer Stats
Type Of Quiz % Correct
Click Map Quiz
83%
Picture Quiz
67%
Multiple Choice
50%
Text Quiz
50%
Tile Select Quiz
50%
No matching quizzes found
Score Distribution
Percent of People with Each Score
Percentile by Number Answered
Your Score History
You have not taken this quiz